Journal of Chinese Studies

محفوظ في:

التنسيق: دورية

اللغة: Undetermined

منشور في: JSTOR
American Association of Chinese Studies

الموضوعات:

الوصول للمادة أونلاين: Login to view Source

الوسوم: إضافة وسم

لا توجد وسوم, كن أول من يضع وسما على هذه التسجيلة!

رقم الطلب:

LEADER 00520nas a2200169Ia 4500
008 220214c99999999xx |||||||||||| ||und||
022 |a 0742-5929 
022 |a 2576-425X 
245 0 0 |a Journal of Chinese Studies 
264 1 |b JSTOR 
264 1 |b American Association of Chinese Studies 
362 0 |a Vol. 1(1984)-4 (1987) 
653 1 0 |a Asian Studies 
856 4 0 |u https://www.jstor.org/journal/jshinstud 
942 |c JL 
952 |0 0  |1 0  |4 0  |7 1  |9 35556  |a JSR  |b JSR  |d 2022-02-14  |l 0  |r 2022-02-14 00:00:00  |w 2022-02-14  |y JL 
999 |c 43889  |d 43889